| 000 -LEADER |
| fixed length control field |
00619nam a22002297a 4500 |
| 003 - CONTROL NUMBER IDENTIFIER |
| control field |
OSt |
| 005 - DATE AND TIME OF LATEST TRANSACTION |
| control field |
20210423060655.0 |
| 008 - FIXED-LENGTH DATA ELEMENTS--GENERAL INFORMATION |
| fixed length control field |
210222s1996 ||||| |||| 00| 0 eng d |
| 020 ## - INTERNATIONAL STANDARD BOOK NUMBER |
| International Standard Book Number |
0822020521 |
| 040 ## - CATALOGING SOURCE |
| Original cataloging agency |
eng |
| Language of cataloging |
eng |
| Transcribing agency |
DLC |
| 041 ## - LANGUAGE CODE |
| Language code of text/sound track or separate title |
eng |
| 080 ## - UNIVERSAL DECIMAL CLASSIFICATION NUMBER |
| Universal Decimal Classification number |
37 |
| Item number |
B-69 |
| 100 ## - MAIN ENTRY--PERSONAL NAME |
| 9 (RLIN) |
661 |
| Personal name |
Bobrow, Jerry |
| 245 ## - TITLE STATEMENT |
| Title |
Praxis I / Pre-Professional Skills Tests |
| Remainder of title |
: Preparation Guide |
| Statement of responsibility, etc. |
/ by: Cliffs Notes |
| 250 ## - EDITION STATEMENT |
| Edition statement |
2nd edition |
| 260 ## - PUBLICATION, DISTRIBUTION, ETC. |
| Place of publication, distribution, etc. |
Lincoln, USA |
| Name of publisher, distributor, etc. |
Cliffs Notes |
| Date of publication, distribution, etc. |
1996 |
| 300 ## - PHYSICAL DESCRIPTION |
| Extent |
301 p. |
| Other physical details |
ill. |
| 365 ## - TRADE PRICE |
| Price amount |
9.95 usd |
| 650 #0 - SUBJECT ADDED ENTRY--TOPICAL TERM |
| 9 (RLIN) |
318 |
| Topical term or geographic name entry element |
Education |
| 653 ## - INDEX TERM--UNCONTROLLED |
| Uncontrolled term |
განათლება |
| 942 ## - ADDED ENTRY ELEMENTS (KOHA) |
| Source of classification or shelving scheme |
|
| Koha item type |
Books |
| Edition |
2 |